[Event "Deutsche Ländermeisterschaft 2025"]
[Site "Oer-Erkenschwick GER"]
[Date "2025.10.02"]
[Round "3"]
[White "Eberle, Triona"]
[Black "Derhay, Davyd"]
[Result "1-0"]
[Termination "normal"]
[Board "8.3"]
[WhiteElo "2010"]
[BlackElo "1756"]
[WhiteClock "01:34:37"]
[BlackClock "00:35:32"]
[WhiteTeam "Hamburg 1"]
[BlackTeam "Hamburg 2"]
[PlyCount "112"]
[WhiteFideId "34627731"]
[BlackFideId "34130624"]
[EventCountry "GER"]
[EventRounds "7"]
[EventType "team-swiss"]
[EventDate "2025.09.30"]

1. e4 {[%clk 01:30:43]} {[%emt 00:00:16]} e5 {[%clk 01:30:44]} {[%emt
00:00:16]} 2. Nf3 {[%clk 01:31:09]} {[%emt 00:00:05]} Nc6 {[%clk 01:31:07]}
{[%emt 00:00:06]} 3. Bb5 {[%clk 01:31:35]} {[%emt 00:00:04]} a6 {[%clk
01:31:33]} {[%emt 00:00:04]} 4. Ba4 {[%clk 01:32:00]} {[%emt 00:00:03]} Nf6
{[%clk 01:32:00]} {[%emt 00:00:05]} 5. O-O {[%clk 01:32:21]} {[%emt 00:00:08]}
Bc5 {[%clk 01:32:07]} {[%emt 00:00:23]} 6. Bxc6 {[%clk 01:31:53]} {[%emt
00:00:59]} dxc6 {[%clk 01:32:23]} {[%emt 00:00:15]} 7. Nxe5 {[%clk 01:32:17]}
{[%emt 00:00:05]} Nxe4 {[%clk 01:31:54]} {[%emt 00:00:59]} 8. Qe2 {[%clk
01:32:30]} {[%emt 00:00:17]} Qd5 {[%clk 01:31:25]} {[%emt 00:00:59]} 9. d4
{[%clk 01:31:55]} {[%emt 00:01:04]} Bxd4 {[%clk 01:23:07]} {[%emt 00:08:48]}
10. Nf3 {[%clk 01:32:16]} {[%emt 00:00:10]} O-O {[%clk 01:08:16]} {[%emt
00:15:21]} 11. Nxd4 {[%clk 01:32:31]} {[%emt 00:00:15]} Qxd4 {[%clk 01:08:41]}
{[%emt 00:00:06]} 12. Rd1 {[%clk 01:32:54]} {[%emt 00:00:07]} Qe5 {[%clk
01:07:53]} {[%emt 00:01:18]} 13. f3 {[%clk 01:33:06]} {[%emt 00:00:19]} Qc5+
{[%clk 01:05:32]} {[%emt 00:02:50]} 14. Be3 {[%clk 01:33:29]} {[%emt 00:00:07]}
Qh5 {[%clk 01:05:47]} {[%emt 00:00:15]} 15. g4 {[%clk 01:33:45]} {[%emt
00:00:14]} Qg6 {[%clk 01:03:17]} {[%emt 00:03:00]} 16. Bf4 {[%clk 01:32:19]}
{[%emt 00:01:56]} Nd6 {[%clk 01:02:38]} {[%emt 00:01:09]} 17. Nc3 {[%clk
01:32:40]} {[%emt 00:00:09]} h5 {[%clk 00:59:09]} {[%emt 00:04:00]} 18. h3
{[%clk 01:32:43]} {[%emt 00:00:27]} Re8 {[%clk 00:56:28]} {[%emt 00:03:11]} 19.
Rxd6 {[%clk 01:32:58]} {[%emt 00:00:15]} Rxe2 {[%clk 00:56:21]} {[%emt
00:00:36]} 20. Rxg6 {[%clk 01:33:21]} {[%emt 00:00:07]} Rxc2 {[%clk 00:56:38]}
{[%emt 00:00:13]} 21. Rg5 {[%clk 01:33:38]} {[%emt 00:00:13]} hxg4 {[%clk
00:56:44]} {[%emt 00:00:24]} 22. hxg4 {[%clk 01:32:59]} {[%emt 00:01:09]} f6
{[%clk 00:56:51]} {[%emt 00:00:23]} 23. Rh5 {[%clk 01:33:10]} {[%emt 00:00:19]}
Rxb2 {[%clk 00:56:45]} {[%emt 00:00:36]} 24. Rh2 {[%clk 01:33:13]} {[%emt
00:00:27]} Rb4 {[%clk 00:56:24]} {[%emt 00:00:50]} 25. Bxc7 {[%clk 01:33:35]}
{[%emt 00:00:09]} Rc4 {[%clk 00:56:50]} {[%emt 00:00:04]} 26. Nd1 {[%clk
01:33:27]} {[%emt 00:00:38]} Be6 {[%clk 00:57:00]} {[%emt 00:00:20]} 27. Rd2
{[%clk 01:33:31]} {[%emt 00:00:26]} Kf7 {[%clk 00:56:41]} {[%emt 00:00:49]} 28.
a4 {[%clk 01:33:18]} {[%emt 00:00:43]} Rc8 {[%clk 00:56:01]} {[%emt 00:01:09]}
29. Bd6 {[%clk 01:32:50]} {[%emt 00:00:58]} Re8 {[%clk 00:53:20]} {[%emt
00:03:12]} 30. Kf2 {[%clk 01:32:44]} {[%emt 00:00:36]} Rd8 {[%clk 00:52:02]}
{[%emt 00:01:48]} 31. a5 {[%clk 01:32:09]} {[%emt 00:01:05]} Rd7 {[%clk
00:50:37]} {[%emt 00:01:56]} 32. Rd3 {[%clk 01:31:34]} {[%emt 00:01:04]} Rc2+
{[%clk 00:49:52]} {[%emt 00:01:15]} 33. Ke3 {[%clk 01:31:59]} {[%emt 00:00:06]}
Bd5 {[%clk 00:39:11]} {[%emt 00:11:11]} 34. Ba3 {[%clk 01:32:17]} {[%emt
00:00:12]} g5 {[%clk 00:39:09]} {[%emt 00:00:33]} 35. Nc3 {[%clk 01:32:30]}
{[%emt 00:00:16]} Be6 {[%clk 00:38:03]} {[%emt 00:01:36]} 36. Rxd7+ {[%clk
01:31:50]} {[%emt 00:01:10]} Bxd7 {[%clk 00:38:29]} {[%emt 00:00:05]} 37. Ne4
{[%clk 01:31:32]} {[%emt 00:00:48]} Be6 {[%clk 00:36:52]} {[%emt 00:02:06]} 38.
Rb1 {[%clk 01:31:43]} {[%emt 00:00:18]} Bc8 {[%clk 00:35:15]} {[%emt 00:02:08]}
39. Rb3 {[%clk 01:31:04]} {[%emt 00:01:09]} Ke6 {[%clk 00:35:13]} {[%emt
00:00:32]} 40. Nd6 {[%clk 01:31:00]} {[%emt 00:00:34]} Kd7 {[%clk 00:34:41]}
{[%emt 00:01:01]} 41. Ke4 {[%clk 01:30:58]} {[%emt 00:00:32]} Ra2 {[%clk
00:34:21]} {[%emt 00:00:51]} 42. Nxc8 {[%clk 01:30:48]} {[%emt 00:00:40]} Kxc8
{[%clk 00:34:43]} {[%emt 00:00:08]} 43. Kf5 {[%clk 01:31:12]} {[%emt 00:00:05]}
Rd2 {[%clk 00:34:57]} {[%emt 00:00:16]} 44. Kxf6 {[%clk 01:31:28]} {[%emt
00:00:15]} Rd5 {[%clk 00:35:24]} {[%emt 00:00:03]} 45. Bb4 {[%clk 01:31:42]}
{[%emt 00:00:15]} Rb5 {[%clk 00:35:31]} {[%emt 00:00:23]} 46. Rb2 {[%clk
01:32:06]} {[%emt 00:00:07]} Rd5 {[%clk 00:34:40]} {[%emt 00:01:21]} 47. Rd2
{[%clk 01:32:16]} {[%emt 00:00:21]} Rb5 {[%clk 00:34:31]} {[%emt 00:00:39]} 48.
Rd4 {[%clk 01:32:09]} {[%emt 00:00:36]} c5 {[%clk 00:34:28]} {[%emt 00:00:34]}
49. Rc4 {[%clk 01:32:34]} {[%emt 00:00:05]} Rxb4 {[%clk 00:34:53]} {[%emt
00:00:05]} 50. Rxc5+ {[%clk 01:32:54]} {[%emt 00:00:10]} Kd7 {[%clk 00:35:19]}
{[%emt 00:00:04]} 51. Kxg5 {[%clk 01:33:17]} {[%emt 00:00:07]} Rb5 {[%clk
00:35:00]} {[%emt 00:00:49]} 52. Rxb5 {[%clk 01:33:13]} {[%emt 00:00:34]} axb5
{[%clk 00:35:24]} {[%emt 00:00:05]} 53. Kf5 {[%clk 01:33:20]} {[%emt 00:00:23]}
b4 {[%clk 00:35:35]} {[%emt 00:00:20]} 54. Ke4 {[%clk 01:33:45]} {[%emt
00:00:05]} b3 {[%clk 00:35:10]} {[%emt 00:00:56]} 55. Kd3 {[%clk 01:34:10]}
{[%emt 00:00:04]} b2 {[%clk 00:35:32]} {[%emt 00:00:07]} 56. Kc2 {[%clk
01:34:37]} Kd8 {[%emt 00:00:28]} 1-0

[Event "Deutsche Ländermeisterschaft 2025"]
[Site "Oer-Erkenschwick GER"]
[Date "2025.10.02"]
[Round "3"]
[White "Böhler, Yannic"]
[Black "Andersen, Jonathan"]
[Result "1/2-1/2"]
[Termination "normal"]
[Board "8.4"]
[WhiteElo "1848"]
[BlackElo "1886"]
[WhiteClock "00:01:42"]
[BlackClock "00:46:38"]
[WhiteTeam "Hamburg 2"]
[BlackTeam "Hamburg 1"]
[PlyCount "131"]
[WhiteFideId "34609059"]
[BlackFideId "34623884"]
[EventCountry "GER"]
[EventRounds "7"]
[EventType "team-swiss"]
[EventDate "2025.09.30"]

1. c4 {[%clk 01:30:58]} {[%emt 00:00:02]} Nf6 {[%clk 01:30:49]} {[%emt
00:00:11]} 2. g3 {[%clk 01:31:26]} {[%emt 00:00:02]} g6 {[%clk 01:31:13]}
{[%emt 00:00:06]} 3. Bg2 {[%clk 01:31:55]} {[%emt 00:00:01]} c5 {[%clk
01:31:26]} {[%emt 00:00:18]} 4. Nc3 {[%clk 01:32:20]} {[%emt 00:00:05]} Bg7
{[%clk 01:31:51]} {[%emt 00:00:04]} 5. Nf3 {[%clk 01:32:48]} {[%emt 00:00:02]}
d5 {[%clk 01:32:12]} {[%emt 00:00:10]} 6. cxd5 {[%clk 01:33:16]} {[%emt
00:00:03]} Nxd5 {[%clk 01:32:33]} {[%emt 00:00:09]} 7. O-O {[%clk 01:33:41]}
{[%emt 00:00:05]} O-O {[%clk 01:32:57]} {[%emt 00:00:06]} 8. Nxd5 {[%clk
01:33:36]} {[%emt 00:00:36]} Qxd5 {[%clk 01:33:14]} {[%emt 00:00:12]} 9. d3
{[%clk 01:34:04]} {[%emt 00:00:03]} Nc6 {[%clk 01:33:08]} {[%emt 00:00:36]} 10.
Be3 {[%clk 01:33:11]} {[%emt 00:01:23]} Qd6 {[%clk 01:15:01]} {[%emt 00:18:37]}
11. Rc1 {[%clk 01:31:38]} {[%emt 00:02:03]} Nd4 {[%clk 01:14:49]} {[%emt
00:00:39]} 12. Nxd4 {[%emt 00:00:34]} cxd4 {[%clk 01:15:08]} {[%emt 00:00:04]}
13. Bd2 {[%clk 01:31:46]} {[%emt 00:00:28]} Be6 {[%clk 01:14:38]} {[%emt
00:00:57]} 14. Qa4 {[%clk 01:31:14]} {[%emt 00:01:03]} Bd5 {[%clk 01:10:46]}
{[%emt 00:04:23]} 15. Bb4 {[%clk 01:29:45]} {[%emt 00:01:59]} Qe6 {[%clk
01:11:04]} {[%emt 00:00:11]} 16. Bxd5 {[%clk 01:29:30]} {[%emt 00:00:46]} Qxd5
{[%clk 01:11:30]} {[%emt 00:00:04]} 17. Rc7 {[%clk 01:24:40]} {[%emt 00:05:19]}
Rfe8 {[%clk 01:09:06]} {[%emt 00:02:55]} 18. Rfc1 {[%clk 01:16:47]} {[%emt
00:08:22]} Qh5 {[%clk 01:07:36]} {[%emt 00:02:02]} 19. Bxe7 {[%clk 01:10:34]}
{[%emt 00:06:41]} Qxe2 {[%clk 01:07:10]} {[%emt 00:00:57]} 20. Qd7 {[%clk
01:10:51]} {[%emt 00:00:12]} h5 {[%clk 00:45:32]} {[%emt 00:22:10]} 21. Bb4
{[%clk 00:51:57]} {[%emt 00:19:21]} Qf3 {[%clk 00:44:59]} {[%emt 00:01:01]} 22.
Re1 {[%clk 00:44:50]} {[%emt 00:07:38]} Rxe1+ {[%clk 00:44:34]} {[%emt
00:00:58]} 23. Bxe1 {[%clk 00:45:17]} {[%emt 00:00:04]} h4 {[%clk 00:34:59]}
{[%emt 00:10:05]} 24. Bb4 {[%clk 00:24:06]} {[%emt 00:21:39]} Bf8 {[%clk
00:25:45]} {[%emt 00:09:44]} 25. Bxf8 {[%clk 00:12:55]} {[%emt 00:11:42]} Rxf8
{[%clk 00:25:51]} {[%emt 00:00:24]} 26. gxh4 {[%clk 00:13:08]} {[%emt
00:00:16]} Qxd3 {[%clk 00:26:05]} {[%emt 00:00:17]} 27. Qd5 {[%clk 00:04:37]}
{[%emt 00:08:58]} Qd1+ {[%clk 00:24:34]} {[%emt 00:02:05]} 28. Kg2 {[%clk
00:04:59]} {[%emt 00:00:08]} Qg4+ {[%clk 00:24:58]} {[%emt 00:00:04]} 29. Kf1
{[%clk 00:05:14]} {[%emt 00:00:13]} Qxh4 {[%clk 00:24:51]} {[%emt 00:00:39]}
30. Rd7 {[%clk 00:01:24]} {[%emt 00:04:21]} Qxh2 {[%clk 00:25:11]} {[%emt
00:00:10]} 31. Qxd4 {[%clk 00:01:30]} {[%emt 00:00:24]} Qh1+ {[%clk 00:25:21]}
{[%emt 00:00:19]} 32. Ke2 {[%clk 00:01:59]} {[%emt 00:00:03]} Re8+ {[%clk
00:25:42]} {[%emt 00:00:08]} 33. Kd2 {[%clk 00:01:44]} {[%emt 00:00:44]} Qe1+
{[%clk 00:26:06]} {[%emt 00:00:06]} 34. Kc2 {[%clk 00:02:03]} {[%emt 00:00:07]}
Rc8+ {[%clk 00:26:13]} {[%emt 00:00:27]} 35. Kb3 {[%clk 00:00:49]} {[%emt
00:00:35]} Qe6+ 36. Kb4 {[%emt 00:02:24]} Qe1+ {[%clk 00:22:59]} {[%emt
00:03:30]} 37. Kb3 {[%emt 00:00:29]} Qe6+ {[%clk 00:23:05]} {[%emt 00:00:21]}
38. Kb4 {[%clk 00:01:21]} {[%emt 00:00:02]} Rc4+ {[%clk 00:21:36]} {[%emt
00:01:59]} 39. Qxc4 {[%clk 00:01:40]} {[%emt 00:00:11]} a5+ {[%clk 00:22:00]}
{[%emt 00:00:07]} 40. Kb3 {[%clk 00:00:38]} {[%emt 00:01:30]} Qxd7 {[%clk
00:22:21]} {[%emt 00:00:10]} 41. Qc5 {[%clk 00:24:04]} {[%emt 00:06:59]} b5
{[%clk 00:49:32]} {[%emt 00:03:24]} 42. Kc2 {[%clk 00:16:01]} {[%emt 00:08:30]}
Qb7 {[%clk 00:48:23]} {[%emt 00:01:39]} 43. Kd2 {[%clk 00:14:10]} {[%emt
00:02:23]} a4 {[%clk 00:47:23]} {[%emt 00:01:32]} 44. Qd4 {[%clk 00:13:50]}
{[%emt 00:00:47]} b4 {[%clk 00:47:02]} {[%emt 00:00:53]} 45. a3 {[%clk
00:12:22]} {[%emt 00:01:57]} bxa3 {[%clk 00:47:06]} {[%emt 00:00:27]} 46. bxa3
{[%clk 00:12:48]} {[%emt 00:00:04]} Qb3 {[%clk 00:46:45]} {[%emt 00:00:50]} 47.
Qd8+ {[%clk 00:09:05]} {[%emt 00:04:13]} Kg7 {[%clk 00:47:06]} {[%emt
00:00:10]} 48. Qd4+ {[%clk 00:09:29]} {[%emt 00:00:06]} f6 {[%clk 00:47:31]}
{[%emt 00:00:05]} 49. Qc5 {[%clk 00:05:48]} {[%emt 00:04:08]} Qb2+ {[%clk
00:46:45]} {[%emt 00:01:19]} 50. Kd1 {[%clk 00:05:33]} {[%emt 00:00:43]} Qb3+
{[%clk 00:46:29]} {[%emt 00:00:48]} 51. Kd2 {[%clk 00:06:00]} {[%emt 00:00:03]}
Kh6 {[%clk 00:45:37]} {[%emt 00:01:22]} 52. Ke2 {[%clk 00:04:27]} {[%emt
00:02:00]} Qb2+ {[%clk 00:46:00]} {[%emt 00:00:10]} 53. Kf3 {[%clk 00:04:03]}
{[%emt 00:00:49]} Qb3+ {[%clk 00:46:12]} {[%emt 00:00:22]} 54. Kg2 {[%clk
00:03:12]} {[%emt 00:01:21]} f5 {[%clk 00:46:21]} {[%emt 00:00:23]} 55. Qf8+
{[%clk 00:03:25]} {[%emt 00:00:16]} Kg5 {[%clk 00:46:29]} {[%emt 00:00:21]} 56.
Qd8+ {[%clk 00:03:23]} {[%emt 00:00:31]} Kg4 {[%clk 00:46:01]} {[%emt
00:00:59]} 57. Qd4+ {[%clk 00:03:23]} {[%emt 00:00:30]} f4 {[%clk 00:46:19]}
{[%emt 00:00:13]} 58. Qd7+ {[%clk 00:03:26]} {[%emt 00:00:26]} Kg5 {[%clk
00:46:34]} {[%emt 00:00:16]} 59. Qd8+ {[%clk 00:03:30]} {[%emt 00:00:25]} Kf5
{[%clk 00:46:55]} {[%emt 00:00:09]} 60. Qf8+ {[%clk 00:02:41]} {[%emt
00:01:19]} Ke5 {[%clk 00:46:09]} {[%emt 00:01:16]} 61. Qe8+ {[%clk 00:02:36]}
{[%emt 00:00:34]} Kd4 {[%clk 00:45:37]} {[%emt 00:01:02]} 62. Qxg6 {[%clk
00:01:04]} {[%emt 00:02:02]} f3+ {[%clk 00:45:51]} {[%emt 00:00:18]} 63. Kg3
{[%clk 00:00:59]} {[%emt 00:00:32]} Qxa3 {[%clk 00:45:55]} {[%emt 00:00:29]}
64. Qf6+ {[%clk 00:01:06]} {[%emt 00:00:21]} Kc4 {[%clk 00:46:15]} {[%emt
00:00:10]} 65. Qf7+ {[%clk 00:01:24]} {[%emt 00:00:13]} Kb3 {[%clk 00:46:38]}
{[%emt 00:00:46]} 66. Qxf3+ {[%clk 00:01:42]} {[%emt 00:00:34]} 1/2-1/2

[Event "Deutsche Ländermeisterschaft 2025"]
[Site "Oer-Erkenschwick GER"]
[Date "2025.10.02"]
[Round "3"]
[White "Ahryzkov, Ivan"]
[Black "Busch, Jonathan Luis"]
[Result "1-0"]
[Termination "normal"]
[Board "8.5"]
[WhiteElo "1870"]
[BlackElo "1754"]
[WhiteClock "01:16:45"]
[BlackClock "00:32:58"]
[WhiteTeam "Hamburg 1"]
[BlackTeam "Hamburg 2"]
[PlyCount "27"]
[WhiteFideId "34123750"]
[BlackFideId "34664874"]
[EventCountry "GER"]
[EventRounds "7"]
[EventType "team-swiss"]
[EventDate "2025.09.30"]

1. e4 {[%clk 01:30:58]} {[%emt 00:00:02]} e5 {[%clk 01:30:54]} {[%emt
00:00:07]} 2. Bc4 {[%clk 01:31:23]} {[%emt 00:00:04]} Bc5 {[%clk 01:31:17]}
{[%emt 00:00:07]} 3. Nc3 {[%clk 01:31:48]} {[%emt 00:00:05]} Nf6 {[%clk
01:31:34]} 4. d3 {[%clk 01:32:12]} {[%emt 00:00:20]} d6 {[%emt 00:00:36]} 5. f4
{[%clk 01:31:46]} {[%emt 00:00:29]} Ng4 {[%clk 01:28:12]} {[%emt 00:04:12]} 6.
f5 {[%clk 01:21:32]} {[%emt 00:10:44]} Nf2 {[%emt 00:05:02]} 7. Qh5 {[%clk
01:21:56]} {[%emt 00:00:01]} g6 {[%clk 01:13:24]} {[%emt 00:10:51]} 8. Qh6
{[%clk 01:20:54]} {[%emt 00:01:32]} Nxh1 {[%clk 01:11:35]} {[%emt 00:02:18]} 9.
Bg5 {[%clk 01:21:15]} {[%emt 00:00:09]} f6 {[%clk 00:36:25]} {[%emt 00:35:40]}
10. fxg6 {[%clk 01:19:59]} {[%emt 00:01:46]} fxg5 {[%clk 00:35:54]} {[%emt
00:01:01]} 11. g7 {[%clk 01:20:21]} {[%emt 00:00:07]} Bf2+ {[%clk 00:34:40]}
{[%emt 00:01:46]} 12. Kd2 {[%clk 01:19:00]} {[%emt 00:01:50]} Rg8 {[%clk
00:33:39]} {[%emt 00:01:31]} 13. Bxg8 {[%clk 01:17:53]} {[%emt 00:01:38]} Qe7
{[%clk 00:32:58]} {[%emt 00:01:10]} 14. Bd5 {[%clk 01:16:45]} {[%emt 00:01:36]}
1-0

[Event "Deutsche Ländermeisterschaft 2025"]
[Site "Oer-Erkenschwick GER"]
[Date "2025.10.02"]
[Round "3"]
[White "Mkrtchyan, Nona"]
[Black "Kutlar, Aras"]
[Result "1-0"]
[Termination "normal"]
[Board "8.6"]
[WhiteElo "1607"]
[BlackElo "1819"]
[WhiteClock "00:34:17"]
[BlackClock "00:54:21"]
[WhiteTeam "Hamburg 2"]
[BlackTeam "Hamburg 1"]
[PlyCount "97"]
[WhiteFideId "34681841"]
[BlackFideId "51682117"]
[EventCountry "GER"]
[EventRounds "7"]
[EventType "team-swiss"]
[EventDate "2025.09.30"]

1. e4 {[%clk 01:30:58]} c5 {[%clk 01:30:53]} {[%emt 00:00:07]} 2. Nf3 {[%clk
01:31:21]} {[%emt 00:00:08]} d6 {[%clk 01:31:17]} {[%emt 00:00:06]} 3. d4
{[%clk 01:31:47]} {[%emt 00:00:04]} cxd4 {[%clk 01:31:43]} {[%emt 00:00:05]} 4.
Nxd4 {[%clk 01:32:13]} {[%emt 00:00:04]} Nf6 {[%clk 01:32:08]} {[%emt
00:00:05]} 5. Nc3 {[%clk 01:32:31]} {[%emt 00:00:11]} Nc6 {[%clk 01:32:28]}
{[%emt 00:00:11]} 6. Be2 {[%clk 01:31:07]} {[%emt 00:01:53]} e5 {[%clk
01:32:32]} {[%emt 00:00:27]} 7. Nb3 {[%clk 01:31:27]} {[%emt 00:00:10]} Be7
{[%clk 01:32:51]} {[%emt 00:00:11]} 8. O-O {[%clk 01:31:14]} {[%emt 00:00:43]}
O-O {[%clk 01:32:57]} {[%emt 00:00:23]} 9. Be3 {[%clk 01:31:18]} {[%emt
00:00:27]} a5 {[%clk 01:33:04]} {[%emt 00:00:23]} 10. a4 {[%clk 01:31:16]}
{[%emt 00:00:32]} Be6 {[%clk 01:33:16]} {[%emt 00:00:18]} 11. Nd2 {[%clk
01:30:34]} {[%emt 00:01:12]} d5 {[%clk 01:32:59]} {[%emt 00:00:47]} 12. exd5
{[%clk 01:29:40]} {[%emt 00:01:23]} Nxd5 {[%clk 01:33:01]} {[%emt 00:00:28]}
13. Nxd5 {[%clk 01:29:44]} {[%emt 00:00:27]} Bxd5 {[%clk 01:32:37]} {[%emt
00:00:54]} 14. Nc4 {[%clk 01:27:50]} {[%emt 00:02:24]} Be4 {[%clk 01:27:33]}
{[%emt 00:05:33]} 15. c3 {[%clk 01:21:54]} {[%emt 00:06:27]} Qxd1 {[%clk
01:23:37]} {[%emt 00:04:25]} 16. Rfxd1 {[%clk 01:19:54]} {[%emt 00:02:31]} f5
{[%clk 01:14:53]} {[%emt 00:09:14]} 17. Nb6 {[%clk 01:16:19]} {[%emt 00:04:04]}
f4 {[%clk 01:09:46]} {[%emt 00:05:37]} 18. Nxa8 {[%clk 01:07:50]} {[%emt
00:08:59]} fxe3 {[%clk 01:09:38]} {[%emt 00:00:38]} 19. f3 {[%clk 01:07:54]}
{[%emt 00:00:27]} Bc2 {[%clk 01:07:57]} {[%emt 00:02:10]} 20. Rdc1 {[%clk
01:07:57]} {[%emt 00:00:26]} Bb3 {[%clk 01:07:26]} {[%emt 00:01:03]} 21. Nb6
{[%clk 01:05:39]} {[%emt 00:02:47]} Rd8 {[%clk 01:06:27]} {[%emt 00:01:30]} 22.
Bc4+ {[%clk 01:02:35]} {[%emt 00:03:33]} Bxc4 {[%clk 01:06:30]} {[%emt
00:00:28]} 23. Nxc4 {[%clk 01:03:00]} {[%emt 00:00:04]} Bc5 {[%clk 01:06:40]}
{[%emt 00:00:20]} 24. Kf1 {[%clk 01:03:16]} {[%emt 00:00:14]} e4 {[%clk
01:06:33]} {[%emt 00:00:36]} 25. Rd1 {[%clk 01:03:11]} {[%emt 00:00:36]} Rf8
{[%clk 01:06:22]} {[%emt 00:00:41]} 26. Ke2 {[%clk 01:03:23]} {[%emt 00:00:18]}
b6 {[%clk 01:02:46]} {[%emt 00:04:06]} 27. Rd5 {[%clk 01:01:06]} {[%emt
00:02:48]} Rf6 {[%clk 01:02:05]} {[%emt 00:01:11]} 28. Ne5 {[%clk 01:00:42]}
{[%emt 00:00:49]} Nxe5 {[%clk 01:00:50]} {[%emt 00:01:49]} 29. Rxe5 {[%clk
01:01:04]} {[%emt 00:00:08]} exf3+ {[%clk 01:01:12]} {[%emt 00:00:09]} 30. gxf3
{[%clk 01:01:29]} {[%emt 00:00:04]} Rh6 {[%clk 01:01:14]} {[%emt 00:00:28]} 31.
Rh1 {[%clk 00:57:38]} {[%emt 00:04:20]} Rg6 {[%clk 00:59:58]} {[%emt 00:01:47]}
32. b3 {[%clk 00:38:57]} {[%emt 00:19:12]} Rg2+ {[%clk 00:59:36]} {[%emt
00:00:52]} 33. Kd3 {[%clk 00:39:13]} {[%emt 00:00:12]} Rd2+ {[%clk 00:59:22]}
{[%emt 00:00:45]} 34. Kc4 {[%clk 00:39:26]} {[%emt 00:00:18]} Rf2 {[%clk
00:58:53]} {[%emt 00:00:59]} 35. b4 {[%clk 00:38:04]} {[%emt 00:01:51]} axb4
{[%clk 00:56:56]} {[%emt 00:02:27]} 36. cxb4 {[%clk 00:38:19]} {[%emt
00:00:15]} Bd6 {[%clk 00:55:55]} {[%emt 00:01:30]} 37. Rxe3 {[%clk 00:38:32]}
{[%emt 00:00:19]} Bxh2 {[%clk 00:55:36]} {[%emt 00:00:49]} 38. Kb5 {[%clk
00:38:06]} {[%emt 00:00:56]} Bg3 {[%clk 00:55:27]} {[%emt 00:00:38]} 39. Kxb6
{[%clk 00:37:23]} {[%emt 00:01:14]} Rb2 {[%emt 00:00:12]} 40. Re4 {[%clk
00:37:34]} {[%emt 00:00:18]} Bf2+ {[%clk 00:55:56]} {[%emt 00:00:19]} 41. Ka6
{[%clk 00:37:30]} {[%emt 00:00:34]} Rb3 {[%clk 00:55:57]} {[%emt 00:00:30]} 42.
b5 {[%clk 00:37:25]} {[%emt 00:00:35]} Rxf3 {[%clk 00:56:07]} {[%emt 00:00:20]}
43. b6 {[%clk 00:36:24]} {[%emt 00:01:30]} Rf6 {[%clk 00:55:56]} {[%emt
00:00:41]} 44. a5 {[%clk 00:36:43]} {[%emt 00:00:12]} h6 {[%clk 00:54:45]}
{[%emt 00:01:41]} 45. Rf1 {[%clk 00:35:49]} {[%emt 00:01:24]} Bxb6 {[%clk
00:54:05]} {[%emt 00:01:09]} 46. Rxf6 {[%clk 00:34:45]} {[%emt 00:01:35]} Bxa5
{[%clk 00:54:29]} {[%emt 00:00:05]} 47. Rg6 {[%clk 00:34:50]} {[%emt 00:00:25]}
Bc3 {[%clk 00:54:48]} {[%emt 00:00:12]} 48. Rg3 {[%clk 00:33:55]} {[%emt
00:01:24]} Kh7 {[%clk 00:54:21]} {[%emt 00:00:57]} 49. Rxc3 {[%clk 00:34:17]}
{[%emt 00:00:09]} 1-0